[Event "Køge Bugt Forår 2010"]
[Site "Solrød Skakklub"]
[Date "2010.04.07"]
[Round "1.1"]
[White "Christensen, Verner"]
[Black "Larsen, Bo Heine"]
[Result "1-0"]
[WhiteElo "1888"]
[BlackElo "1649"]
[PlyCount "81"]
[EventDate "2010.??.??"]
[WhiteTeam "Solrød Skakklub"]
[BlackTeam "Haslev Skakklub"]

1. e4 e5 2. Nc3 Nc6 3. Bc4 Nd4 4. d3 d6 5. f4 h5 6. f5 g6 7. fxg6 fxg6 8. Nge2
Qh4+ 9. g3 Nf3+ 10. Kf2 Qf6 11. Nd5 Qf7 12. Kg2 h4 13. Nxc7+ Qxc7 14. Kxf3 Nh6
15. Be3 Bg4+ 16. Kg2 h3+ 17. Kf2 O-O-O 18. Qd2 Bg7 19. Raf1 Bf3 20. Kxf3 Rdf8+
21. Nf4 exf4 22. gxf4 g5 23. Be6+ Kb8 24. f5 g4+ 25. Ke2 g3 26. hxg3 Ng4 27.
Kd1 Bxb2 28. c4 Bc3 29. Qe2 Nxe3+ 30. Qxe3 Qa5 31. Rh2 Qa4+ 32. Rc2 h2 33. Rh1
Bb4 34. d4 Rh3 35. f6 Rh5 36. g4 Rh4 37. Qg3 Rfh8 38. f7 Qa3 39. Qxa3 Bxa3 40.
Rf2 d5 41. c5 1-0

[Event "Køge Bugt Forår 2010"]
[Site "Solrød Skakklub"]
[Date "2010.04.07"]
[Round "1.2"]
[White "Sørensen, Aron Frank"]
[Black "Krogh, Peter Ove"]
[Result "0-1"]
[WhiteElo "1629"]
[BlackElo "1764"]
[PlyCount "74"]
[EventDate "2010.??.??"]
[WhiteTeam "Solrød Skakklub"]
[BlackTeam "Køge Skakklub"]

1. d4 Nf6 2. c4 e6 3. g3 d5 4. Bg2 c6 5. Nf3 Nbd7 6. O-O dxc4 7. Qc2 Nb6 8. Rd1
Be7 9. Ne5 h5 10. Bg5 Nfd5 11. Bxe7 Qxe7 12. e4 Nb4 13. Qe2 h4 14. a3 Na6 15.
Nd2 hxg3 16. fxg3 Bd7 17. Rf1 Rf8 18. Ndxc4 Nxc4 19. Qxc4 O-O-O 20. Rac1 Be8
21. b4 Kb8 22. Rf2 f6 23. Nf3 Nc7 24. Rfc2 g5 25. b5 Nxb5 26. d5 exd5 27. exd5
Bf7 28. Re2 Qd6 29. Nd4 Nxd4 30. Qxd4 Bxd5 31. Bxd5 Qxd5 32. Qb4 Rf7 33. Rce1
Qd4+ 34. Qxd4 Rxd4 35. Re8+ Kc7 36. R1e7+ Rd7 37. Rxd7+ Kxd7 0-1

[Event "Køge Bugt Forår 2010"]
[Site "Solrød Skakklub"]
[Date "2010.04.07"]
[Round "1.3"]
[White "Nielsen, Kai Gylling"]
[Black "Hansen, Erik Levin"]
[Result "1/2-1/2"]
[WhiteElo "1725"]
[BlackElo "1617"]
[PlyCount "120"]
[EventDate "2010.??.??"]
[WhiteTeam "Roskilde Skakklub"]
[BlackTeam "Haslev Skakklub"]

1. d4 Nf6 2. Nf3 g6 3. c4 Bg7 4. Nc3 d6 5. e4 O-O 6. Bd3 c6 7. O-O Bg4 8. Be3
Na6 9. a3 Nc7 10. h3 Bd7 11. Rc1 Qc8 12. Kh2 Nfe8 13. Qb3 Kh8 14. c5 dxc5 15.
dxc5 e5 16. Bc4 f5 17. exf5 Bxf5 18. Ng5 h6 19. Nge4 Ne6 20. Nd6 Nxd6 21. cxd6
Nd4 22. Bxd4 exd4 23. Ne2 Be5+ 24. Kg1 c5 25. Bd5 Rb8 26. f4 Bxd6 27. Nxd4 Qd7
28. Nxf5 Qxf5 29. Be6 Qe4 30. Qc3+ Qd4+ 31. Qxd4+ cxd4 32. g3 Rbd8 33. Rfd1 b6
34. Kg2 Rfe8 35. Bg4 Bf8 36. Rd3 Re3 37. Rd2 a5 38. Rc6 Rd6 39. Rxd6 Bxd6 40.
Rxd4 Bc5 41. Rd8+ Kg7 42. h4 Rb3 43. Rd2 Kf6 44. h5 gxh5 45. Bxh5 Be3 46. Rc2
Bd4 47. Rc6+ Kg7 48. Rc7+ Kf8 49. Rd7 Bxb2 50. a4 Rb4 51. Be2 Rd4 52. Rxd4 Bxd4
53. Kf3 Ke7 54. Ke4 Bf2 55. g4 Kf6 56. Kd5 Be3 57. Ke4 Bg1 58. Kd5 Be3 59. Kc6
Bxf4 60. Kxb6 Bd2 1/2-1/2

[Event "Køge Bugt Forår 2010"]
[Site "Solrød Skakklub"]
[Date "2010.04.07"]
[Round "1.4"]
[White "Jørgensen, Leif"]
[Black "Kristensen, Benny"]
[Result "0-1"]
[WhiteElo "1454"]
[BlackElo "1556"]
[PlyCount "110"]
[EventDate "2010.??.??"]
[WhiteTeam "Solrød Skakklub"]
[BlackTeam "Skovbo Skakklub"]

1. d4 d5 2. c4 c6 3. c5 Nf6 4. Nf3 Bg4 5. e3 Nbd7 6. h3 Bxf3 7. Qxf3 e5 8. Qd1
Be7 9. Nc3 e4 10. g4 Nf8 11. Ne2 Ng6 12. Rg1 Nd7 13. Bd2 Bh4 14. Ng3 Bxg3 15.
Rxg3 O-O 16. Qb3 Qc7 17. O-O-O Rab8 18. Qc2 f5 19. gxf5 Rxf5 20. Be1 Rbf8 21.
Qe2 R5f7 22. Qc2 Nh4 23. Bg2 Nf5 24. Rg5 Qh2 25. Bd2 Qc7 26. Bh1 Nh4 27. Be1
Nf3 28. Bxf3 Rxf3 29. Rg3 R8f5 30. Rxf3 Rxf3 31. Qa4 Rxh3 32. Qxa7 Rf3 33. Qa8+
Qb8 34. Qxb8+ Nxb8 35. Kd2 h5 36. Ke2 Rf6 37. Ba5 Kh7 38. Bc7 Nd7 39. Bg3 g5
40. Rh1 Kg6 41. b4 Rf8 42. a4 Ra8 43. a5 Rh8 44. Bd6 Kf5 45. Bh2 Nf8 46. Rb1
Ng6 47. b5 Ra8 48. Bc7 h4 49. bxc6 bxc6 50. Ra1 h3 51. a6 Nh4 52. a7 Nf3 53.
Bb8 h2 54. Rh1 Kg4 55. Bxh2 Rxa7 0-1

[Event "Køge Bugt Forår 2010"]
[Site "Solrød Skakklub"]
[Date "2010.04.07"]
[Round "1.5"]
[White "Orup, Kim Amdi"]
[Black "Krag-Jacobsen, Alan"]
[Result "1/2-1/2"]
[WhiteElo "1492"]
[BlackElo "1421"]
[PlyCount "91"]
[EventDate "2010.??.??"]
[WhiteTeam "Køge Skakklub"]
[BlackTeam "Solrød Skakklub"]

1. e4 e5 2. Bc4 Nf6 3. Nc3 Bc5 4. a3 a6 5. d3 h6 6. Nce2 d6 7. h3 Nc6 8. b4 Bb6
9. c3 Be6 10. Bxe6 fxe6 11. Nf3 O-O 12. Bd2 Qe8 13. Qc1 Kh7 14. Ng3 Rd8 15. Be3
Bxe3 16. Qxe3 Nh5 17. O-O-O Nxg3 18. fxg3 Rd7 19. g4 Rdf7 20. g5 Rf4 21. gxh6
gxh6 22. Rdf1 Qf7 23. Nd2 Qg7 24. g3 R4f6 25. Rxf6 Rxf6 26. Rf1 Qf7 27. Rxf6
Qxf6 28. Qf3 Qg7 29. g4 Ne7 30. Kc2 Ng6 31. Qg3 Nf4 32. Nf3 Ng6 33. h4 Nf4 34.
h5 Nxh5 35. Qh4 Nf4 36. g5 Ng6 37. Qg4 Nf4 38. Qh4 Ng6 39. Qh3 Nf4 40. Qh2 Ng6
41. gxh6 Qf6 42. Nd2 Qf8 43. Qh3 Nf4 44. Qh4 Ng6 45. Qg4 Qf7 46. Nf3 1/2-1/2

[Event "Køge Bugt Forår 2010"]
[Site "Solrød Skakklub"]
[Date "2010.04.07"]
[Round "1.6"]
[White "Nielsen, Steen"]
[Black "Meyer, Johannes S. August "]
[Result "1-0"]
[WhiteElo "1400"]
[BlackElo "1492"]
[PlyCount "99"]
[EventDate "2010.??.??"]
[WhiteTeam "Solrød Skakklub"]
[BlackTeam "Solrød Skakklub"]

1. d4 g6 2. c4 Nf6 3. Nc3 Bg7 4. e4 d6 5. Nf3 O-O 6. Be2 c6 7. O-O Qc7 8. Ne1
e5 9. Be3 Re8 10. f3 Nbd7 11. d5 c5 12. a4 a6 13. a5 b6 14. axb6 Nxb6 15. Nc2
Bd7 16. Qd2 Reb8 17. Ra2 Nc8 18. Rfa1 a5 19. Nb5 Bxb5 20. cxb5 a4 21. Na3 Nb6
22. Nc4 Nxc4 23. Bxc4 Nd7 24. b4 Nb6 25. Be2 cxb4 26. Qxb4 f5 27. Rc1 Qd8 28.
Rc6 Bf8 29. Bxb6 Rxb6 30. Rxa4 Rxc6 31. bxc6 Rb8 32. Qa5 Qg5 33. Qc3 Qh4 34.
Ra1 fxe4 35. c7 Rc8 36. Ba6 Rxc7 37. Qxc7 e3 38. Qc2 e2 39. Qe4 Qd8 40. Bxe2
Qb6+ 41. Kf1 Qb2 42. Rb1 Qa2 43. Rb7 Qa1+ 44. Kf2 Qa8 45. Qb1 Qa5 46. Qb5 Qd2
47. Qd3 Qh6 48. Qe4 Qd2 49. Qg4 Qxd5 50. Bc4 1-0

[Event "Køge Bugt Forår 2010"]
[Site "Solrød Skakklub"]
[Date "2010.04.07"]
[Round "1.8"]
[White "Jensen, Kaj T"]
[Black "Jensen, Tom B"]
[Result "0-1"]
[WhiteElo "1020"]
[BlackElo "1311"]
[PlyCount "89"]
[EventDate "2010.??.??"]
[WhiteTeam "Haslev Skakklub"]
[BlackTeam "Skovbo Skakklub"]

1. d4 d5 2. Nc3 Nf6 3. Bf4 c6 4. Qd3 e6 5. O-O-O Bd6 6. Bg3 Bb4 7. f3 Nbd7 8.
a3 Ba5 9. e3 b5 10. b4 Bc7 11. f4 a5 12. Na2 Ne4 13. Be1 Ndf6 14. h3 Bb7 15. g4
axb4 16. Bxb4 Nf2 17. Qe2 Nxh1 18. Qg2 Ba5 19. Kb2 Bxb4 20. Nxb4 Ne4 21. Ne2
Qa5 22. Ra1 Nhf2 23. Kc1 O-O 24. Qg1 Rfc8 25. Bg2 c5 26. dxc5 Rxc5 27. Bxe4
Nxe4 28. Kb2 Nd2 29. Nd4 Rac8 30. Qc1 Nc4+ 31. Kb1 Qb6 32. Ra2 f6 33. h4 e5 34.
Nf5 Kf7 35. fxe5 Nxe5 36. g5 fxg5 37. Qf1 Rf8 38. Qh3 Bc8 39. hxg5 Qg6 40. Nd6+
Qxd6 41. Qxh7 Qg6 42. Qh2 Qxg5 43. e4 dxe4 44. Qf2+ Nf3 45. Qd4 0-1

[Event "Køge Bugt Forår 2010"]
[Site "Solrød Skakklub"]
[Date "2010.04.14"]
[Round "2.1"]
[White "Krogh, Peter Ove"]
[Black "Christensen, Verner"]
[Result "1/2-1/2"]
[WhiteElo "1764"]
[BlackElo "1888"]
[PlyCount "62"]
[EventDate "2010.??.??"]
[WhiteTeam "Køge Skakklub"]
[BlackTeam "Solrød Skakklub"]

1. c4 f5 2. g3 Nf6 3. Nf3 e6 4. Bg2 Be7 5. d4 d5 6. O-O O-O 7. Qc2 c6 8. Nbd2
Ne4 9. Ne5 Nd7 10. Nxd7 Bxd7 11. f3 Ng5 12. Nb3 Bf6 13. Bf4 Nf7 14. e4 fxe4 15.
fxe4 Bc8 16. cxd5 exd5 17. e5 Bg5 18. Rae1 Be6 19. Nc5 Qe7 20. Qd2 Bxf4 21.
Rxf4 Nh8 22. Nxe6 Qxe6 23. Ref1 Ng6 24. Rxf8+ Rxf8 25. Rxf8+ Nxf8 26. Qb4 Qg4
27. Kf2 Ne6 28. Qxb7 Qxd4+ 29. Kf1 Qd3+ 30. Kg1 Qe3+ 31. Kf1 Qd3+ 1/2-1/2

[Event "Køge Bugt Forår 2010"]
[Site "Solrød Skakklub"]
[Date "2010.04.14"]
[Round "2.2"]
[White "Larsen, Bo Heine"]
[Black "Nielsen, Kai Gylling"]
[Result "1/2-1/2"]
[WhiteElo "1649"]
[BlackElo "1725"]
[PlyCount "214"]
[EventDate "2010.??.??"]
[WhiteTeam "Haslev Skakklub"]
[BlackTeam "Roskilde Skakklub"]

1. e4 c5 2. Na3 d6 3. g3 Nf6 4. c3 Nxe4 5. Qa4+ Bd7 6. Qxe4 Bc6 7. Bb5 d5 8.
Bxc6+ Nxc6 9. Qg4 Ne5 10. Qe2 f6 11. f4 Nc6 12. Nf3 Qd7 13. d4 e6 14. Nc2 O-O-O
15. Be3 c4 16. b3 Na5 17. Nd2 Qc7 18. O-O h5 19. Bf2 Re8 20. bxc4 dxc4 21. Rab1
g5 22. fxg5 fxg5 23. Qe5 Qxe5 24. dxe5 a6 25. Bb6 Nc6 26. Nxc4 Bg7 27. Nd6+ Kb8
28. Nxe8 Rxe8 29. Nd4 Nxe5 30. Bc5 Kc8 31. Bd6 Nc4 32. Bb4 Nd2 33. Ne2 Nxb1 34.
Rxb1 h4 35. Rf1 hxg3 36. hxg3 Be5 37. Kg2 Kc7 38. c4 Kc6 39. Bc3 Bd6 40. Bd4 b5
41. cxb5+ axb5 42. Kh3 Ra8 43. Ra1 Ra3 44. Bb2 Re3 45. Rc1+ Kb7 46. Rc2 b4 47.
Bc1 Re5 48. Kg4 Be7 49. Ng1 Re4+ 50. Kf3 Rd4 51. Ne2 g4+ 52. Ke3 Rd1 53. Ke4
Bf6 54. Bf4 Kb6 55. Be5 Bg5 56. Nd4 Re1+ 57. Re2 Rxe2+ 58. Nxe2 Kb5 59. Nd4+
Ka4 60. Nc2 b3 61. axb3+ Kxb3 62. Nd4+ Kc4 63. Nxe6 Bd2 64. Kf5 Be1 65. Ng5
Bxg3 66. Bxg3 Kd5 67. Kxg4 Kd4 68. Kf4 Kd5 69. Bf2 Kd6 70. Ke4 Kc6 71. Ke5 Kc7
72. Kd5 Kb7 73. Ne6 Ka6 74. Bc5 Kb5 75. Nd4+ Ka6 76. Kc6 Ka5 77. Nb5 Ka4 78.
Nd4 Ka5 79. Bd6 Ka6 80. Bb4 Ka7 81. Ba5 Ka6 82. Bb4 Ka7 83. Nb5+ Ka8 84. Bc5
Kb8 85. Nd6 Ka8 86. Kb6 Kb8 87. Bd4 Ka8 88. Be5 Kb8 89. Nb5+ Ka8 90. Nc7+ Kb8
91. Bd4 Kc8 92. Be5 Kb8 93. Ka6 Kc8 94. Nd5 Kd7 95. Nf4 Kc6 96. Bd4 Kc7 97. Ba7
Kc6 98. Bb8 Kc5 99. Be5 Kc6 100. Ka7 Kc5 101. Kb7 Kc4 102. Kc6 Kb3 103. Ng2 Kc4
104. Ne1 Kb4 105. Nc2+ Kc4 106. Ne1 Kb4 107. Kd5 Kb5 1/2-1/2

[Event "Køge Bugt Forår 2010"]
[Site "Solrød Skakklub"]
[Date "2010.04.14"]
[Round "2.3"]
[White "Forsmann, Henning"]
[Black "Sørensen, Aron Frank"]
[Result "1-0"]
[WhiteElo "1624"]
[BlackElo "1629"]
[PlyCount "79"]
[EventDate "2010.??.??"]
[WhiteTeam "Solrød Skakklub"]
[BlackTeam "Solrød Skakklub"]

1. c4 Nf6 2. Nc3 g6 3. g3 Bg7 4. Bg2 c6 5. e4 e5 6. Nf3 d6 7. O-O O-O 8. d4 Qc7
9. d5 Nfd7 10. Be3 Na6 11. Qd2 Ndc5 12. Bh6 Nb4 13. Bxg7 Kxg7 14. Rfd1 cxd5 15.
cxd5 Qb6 16. Rab1 Bd7 17. Qe2 Na4 18. a3 Na6 19. Nd2 Rac8 20. Nc4 Qc5 21. Nxa4
Bxa4 22. b3 Bb5 23. Bf1 Bxc4 24. bxc4 b6 25. Qd2 Rc7 26. Rb3 f5 27. Qe3 f4 28.
gxf4 Rxf4 29. Qg3 Rcf7 30. Rd2 Qc8 31. h3 Nc5 32. Bg2 Nxb3 33. Qxb3 Qc5 34. Qa2
Qc8 35. a4 Qd8 36. Qa3 Qf6 37. Qe3 Qg5 38. Qg3 Qh5 39. Kh2 Rg4 40. Qxg4 1-0

[Event "Køge Bugt Forår 2010"]
[Site "Solrød Skakklub"]
[Date "2010.04.14"]
[Round "2.4"]
[White "Kristensen, Benny"]
[Black "Orup, Kim Amdi"]
[Result "1-0"]
[WhiteElo "1556"]
[BlackElo "1492"]
[PlyCount "81"]
[EventDate "2010.??.??"]
[WhiteTeam "Skovbo Skakklub"]
[BlackTeam "Køge Skakklub"]

1. e4 e5 2. Nf3 d6 3. d4 Bg4 4. dxe5 Bxf3 5. Qxf3 dxe5 6. Bb5+ c6 7. Bc4 Qf6 8.
Qb3 b5 9. Bd3 Bc5 10. O-O Nd7 11. Nd2 Ne7 12. Nf3 h6 13. Bd2 a5 14. c4 b4 15.
Qc2 O-O 16. a3 Qd6 17. axb4 axb4 18. Rfd1 Ng6 19. Bf1 Qe7 20. Qb3 Nf6 21. Re1
Rxa1 22. Rxa1 Nxe4 23. Be3 Bxe3 24. Qxe3 Ng5 25. Be2 c5 26. Nxg5 hxg5 27. Bf3
Nf4 28. Ra5 Rc8 29. g3 Qc7 30. Rb5 Ne6 31. Bg4 Nd4 32. Bxc8 Nxb5 33. cxb5 Qxc8
34. Qxe5 f6 35. Qd5+ Kf8 36. b3 Ke7 37. b6 c4 38. b7 Qb8 39. bxc4 b3 40. c5 b2
41. Qd6+ 1-0

[Event "Køge Bugt Forår 2010"]
[Site "Solrød Skakklub"]
[Date "2010.04.14"]
[Round "2.5"]
[White "Hansen, Erik Levin"]
[Black "Krag-Jacobsen, Alan"]
[Result "1-0"]
[WhiteElo "1617"]
[BlackElo "1421"]
[PlyCount "47"]
[EventDate "2010.??.??"]
[WhiteTeam "Haslev Skakklub"]
[BlackTeam "Solrød Skakklub"]

1. e4 e5 2. d4 exd4 3. f4 Bb4+ 4. Nd2 d6 5. a3 Bxd2+ 6. Bxd2 Qe7 7. Bd3 Nf6 8.
Qe2 O-O 9. Nf3 c5 10. O-O Nc6 11. b4 a6 12. bxc5 dxc5 13. e5 Nd5 14. Bxh7+ Kh8
15. Be4 Nc7 16. Ng5 g6 17. Qf3 Qe8 18. f5 Kg7 19. f6+ Kg8 20. Qg3 Ne6 21. Qh4
Nxg5 22. Qxg5 Nd8 23. Qh6 Ne6 24. Bd5 1-0

[Event "Køge Bugt Forår 2010"]
[Site "Solrød Skakklub"]
[Date "2010.04.14"]
[Round "2.6"]
[White "Meyer, Johannes S. August "]
[Black "Larsen, Poul M"]
[Result "1-0"]
[WhiteElo "1492"]
[BlackElo "1358"]
[PlyCount "41"]
[EventDate "2010.??.??"]
[WhiteTeam "Solrød Skakklub"]
[BlackTeam "Haslev Skakklub"]

1. g3 d5 2. Bg2 c6 3. Nf3 Bf5 4. d3 Nd7 5. Nbd2 e5 6. c4 d4 7. Qb3 Nc5 8. Qc2
Bd6 9. Nh4 Be6 10. b4 Nd7 11. a3 Be7 12. Nhf3 Ndf6 13. c5 Nd5 14. Bb2 Qc7 15.
Nc4 Rc8 16. Nfd2 f5 17. f4 Ne3 18. Nxe3 dxe3 19. Nf3 Bd5 20. fxe5 Bxf3 21. Bxf3
1-0

[Event "Køge Bugt Forår 2010"]
[Site "Solrød Skakklub"]
[Date "2010.04.14"]
[Round "2.7"]
[White "Jensen, Tom B"]
[Black "Jørgensen, Leif"]
[Result "1-0"]
[WhiteElo "1311"]
[BlackElo "1454"]
[PlyCount "73"]
[EventDate "2010.??.??"]
[WhiteTeam "Skovbo Skakklub"]
[BlackTeam "Solrød Skakklub"]

1. e4 e5 2. Nf3 Nc6 3. d4 exd4 4. Nxd4 Nxd4 5. Qxd4 c5 6. Qd1 Nf6 7. Bd3 d5 8.
exd5 Qe7+ 9. Be2 Bg4 10. Be3 Bxe2 11. Qxe2 O-O-O 12. O-O Rxd5 13. Nc3 Re5 14.
Rad1 a6 15. Rd2 Qe6 16. h3 Be7 17. Rfd1 Ne4 18. Nxe4 Rxe4 19. Qf3 Rd8 20. Rxd8+
Bxd8 21. b3 Bc7 22. Kf1 Ba5 23. Qe2 Qc6 24. Qd3 Qe6 25. Qd5 Qxd5 26. Rxd5 b6
27. Ke2 Kc7 28. c4 Kc6 29. g3 b5 30. Kd3 Re8 31. Rxc5+ Kb7 32. cxb5 Bb6 33.
bxa6+ Kxa6 34. Rc6 Re6 35. Rxe6 fxe6 36. Bxb6 Kxb6 37. Ke4 1-0

[Event "Køge Bugt Forår 2010"]
[Site "Solrød Skakklub"]
[Date "2010.04.14"]
[Round "2.8"]
[White "Wieland, Carsten"]
[Black "Nielsen, Steen"]
[Result "0-1"]
[WhiteElo "1194"]
[BlackElo "1400"]
[PlyCount "74"]
[EventDate "2010.??.??"]
[WhiteTeam "Solrød Skakklub"]
[BlackTeam "Solrød Skakklub"]

1. d4 Nf6 2. Nf3 g6 3. c4 Bg7 4. Nc3 O-O 5. Bf4 d6 6. e3 Nbd7 7. Be2 Ne8 8. d5
a5 9. O-O Nc5 10. Qc2 Bf5 11. e4 Bc8 12. Rfd1 Nf6 13. e5 Bf5 14. Qd2 Nfe4 15.
Nxe4 Nxe4 16. Qd4 Nc5 17. Qd2 Nd7 18. exd6 cxd6 19. Nd4 Be4 20. Qe3 Nc5 21. Qd2
Qd7 22. Rac1 e5 23. dxe6 fxe6 24. Nb5 e5 25. Be3 Ne6 26. Qxd6 Qf7 27. Nc3 Bc6
28. Nd5 Nd4 29. Bxd4 exd4 30. Ne7+ Kh8 31. Nxc6 Qxf2+ 32. Kh1 Qxe2 33. Nxd4
Qxb2 34. Ne6 Rf2 35. Qd8+ Rxd8 36. Rxd8+ Rf8 37. Rf1 Rxd8 0-1

[Event "Køge Bugt Forår 2010"]
[Site "Solrød Skakklub"]
[Date "2010.04.21"]
[Round "3.1"]
[White "Nielsen, Steen"]
[Black "Jensen, Tom B"]
[Result "1-0"]
[WhiteElo "1400"]
[BlackElo "1311"]
[PlyCount "39"]
[EventDate "2010.??.??"]
[WhiteTeam "Solrød Skakklub"]
[BlackTeam "Skovbo Skakklub"]

1. d4 d5 2. c4 c6 3. Nf3 Nf6 4. Nc3 e6 5. e3 Be7 6. Qc2 Nbd7 7. Bd3 h6 8. O-O
O-O 9. e4 dxe4 10. Nxe4 Nxe4 11. Bxe4 Nf6 12. Bd3 Bd7 13. Re1 Kh8 14. Bf4 Nh5
15. Be3 Bd6 16. Qd2 g5 17. Nxg5 hxg5 18. Bxg5 Be7 19. Bxe7 Qxe7 20. Qh6+ 1-0

[Event "Køge Bugt Forår 2010"]
[Site "Solrød Skakklub"]
[Date "2010.04.21"]
[Round "3.2"]
[White "Christensen, Verner"]
[Black "Hansen, Erik Levin"]
[Result "0-1"]
[WhiteElo "1888"]
[BlackElo "1617"]
[PlyCount "80"]
[EventDate "2010.??.??"]
[WhiteTeam "Solrød Skakklub"]
[BlackTeam "Haslev Skakklub"]

1. e4 g6 2. d4 d6 3. Be2 Bg7 4. c3 Nd7 5. Be3 Ngf6 6. Nd2 c6 7. Qc2 b5 8. h4 h5
9. Nh3 Nb6 10. Ng5 a5 11. Bd3 Ng4 12. Ndf3 Nc4 13. Bf4 e5 14. Bg3 Qe7 15. Bxc4
bxc4 16. Qa4 O-O 17. Qxc6 Bb7 18. Qxc4 d5 19. exd5 Ba6 20. Qc5 Qb7 21. O-O-O
Rfc8 22. Qd6 Rab8 23. Qa3 Bf8 24. Qb3 Qa7 25. Qc2 Rb7 26. Nxe5 Qb6 27. Nc6 Bc4
28. Ne5 Bxd5 29. Nxg4 hxg4 30. h5 f6 31. Qxg6+ Bg7 32. Qc2 fxg5 33. Be5 Be4 34.
Qd2 Bh6 35. Rhg1 g3 36. Bxg3 g4 37. f4 gxf3 38. Bf4 Bxf4 39. gxf3+ Kh8 40. fxe4
Qxb2# 0-1

[Event "Køge Bugt Forår 2010"]
[Site "Solrød Skakklub"]
[Date "2010.04.21"]
[Round "3.3"]
[White "Nielsen, Kai Gylling"]
[Black "Krogh, Peter Ove"]
[Result "1/2-1/2"]
[WhiteElo "1725"]
[BlackElo "1764"]
[PlyCount "191"]
[EventDate "2010.??.??"]
[WhiteTeam "Roskilde Skakklub"]
[BlackTeam "Køge Skakklub"]

1. e4 c5 2. Nf3 a6 3. c3 d5 4. e5 d4 5. cxd4 cxd4 6. Bc4 Qc7 7. d3 Nc6 8. Bf4
e6 9. a3 Nge7 10. Qe2 Ng6 11. Bg3 b5 12. Ba2 Bb7 13. Nbd2 Rd8 14. O-O Be7 15.
Rac1 Qb6 16. h4 Nf8 17. Ng5 Nd7 18. Bxe6 fxe6 19. Nxe6 g6 20. Nxd8 Nxd8 21. Nf3
O-O 22. Rfe1 Ne6 23. b4 Qd8 24. Qa2 Rxf3 25. gxf3 Ndf8 26. Kg2 Bd5 27. Qc2 Bxh4
28. Rh1 Bg5 29. Rce1 h5 30. Qe2 Qe7 31. Reg1 h4 32. Bh2 Qf7 33. Re1 Qf5 34.
Rhg1 h3+ 35. Kf1 Bxf3 36. Qc2 Bg2+ 37. Rxg2 hxg2+ 38. Kxg2 Qg4+ 39. Bg3 Nf4+
40. Kg1 Bh4 41. Qd1 Qxd1 42. Rxd1 Ne2+ 43. Kg2 Nc3 44. Re1 Bxg3 45. Kxg3 Ne6
46. Kg4 Kf7 47. f4 Nd5 48. f5 Ne3+ 49. Kf3 gxf5 50. Rc1 Nd5 51. Rc6 Ndc7 52.
Kg3 Kg6 53. Kh4 Kf7 54. Rd6 Ke7 55. Rc6 Kd7 56. Rd6+ Kc8 57. Kh5 Nf4+ 58. Kg5
Nxd3 59. Kxf5 Nb2 60. Rxd4 Nc4 61. Rd3 Ne8 62. a4 Kc7 63. axb5 axb5 64. Ke6 Kc6
65. Rd8 Nc7+ 66. Kf6 Nd5+ 67. Ke6 Nxb4 68. Rc8+ Kb7 69. Rc5 Kb6 70. Rc8 Nc6 71.
Rh8 N4xe5 72. Kd5 Nc4 73. Rh6 N4a5 74. Ke4 b4 75. Kd3 Kb5 76. Kc2 Ka4 77. Rh8
Nd4+ 78. Kd3 Nb5 79. Kd2 Kb3 80. Rh3+ Nc3 81. Kc1 Nc4 82. Rg3 Na3 83. Rg4 Na2+
84. Kd1 Nc4 85. Rg3+ Nc3+ 86. Kc1 Ka2 87. Rg2+ Ka3 88. Rg3 Kb3 89. Rh3 Nb2 90.
Rg3 Ka2 91. Kc2 Nb5 92. Rh3 Nc4 93. Rg3 Nd4+ 94. Kd3 b3 95. Kxc4 b2 96. Rg2
1/2-1/2

[Event "Køge Bugt Forår 2010"]
[Site "Solrød Skakklub"]
[Date "2010.04.21"]
[Round "3.4"]
[White "Larsen, Poul M"]
[Black "Forsmann, Henning"]
[Result "1-0"]
[WhiteElo "1358"]
[BlackElo "1624"]
[PlyCount "69"]
[EventDate "2010.??.??"]
[WhiteTeam "Haslev Skakklub"]
[BlackTeam "Solrød Skakklub"]

1. d4 Nf6 2. c4 e6 3. Nc3 Bb4 4. Bd2 b6 5. f3 Bb7 6. e4 O-O 7. a3 Be7 8. Bd3 d5
9. cxd5 exd5 10. e5 Ne8 11. Qc2 g6 12. f4 Ng7 13. Nf3 Ba6 14. Bxa6 Nxa6 15. Qd3
Nb8 16. b4 a5 17. b5 c5 18. bxc6 Nxc6 19. Nb5 f6 20. Rc1 Rc8 21. O-O fxe5 22.
Nxe5 Nxe5 23. dxe5 Bc5+ 24. Kh1 Nf5 25. g4 Ne7 26. f5 gxf5 27. gxf5 d4 28. f6
Qd5+ 29. Qf3 Qxf3+ 30. Rxf3 Nd5 31. Rg1+ Kh8 32. Rg7 Rg8 33. Bh6 Rxg7 34. fxg7+
Kg8 35. Nd6 1-0

[Event "Køge Bugt Forår 2010"]
[Site "Solrød Skakklub"]
[Date "2010.04.21"]
[Round "3.6"]
[White "Orup, Kim Amdi"]
[Black "Larsen, Bo Heine"]
[Result "1/2-1/2"]
[WhiteElo "1492"]
[BlackElo "1649"]
[PlyCount "159"]
[EventDate "2010.??.??"]
[WhiteTeam "Køge Skakklub"]
[BlackTeam "Haslev Skakklub"]

1. a3 b6 2. e4 Bb7 3. Nc3 g6 4. d4 Bg7 5. Nf3 c5 6. Be3 cxd4 7. Bxd4 f6 8. Bc4
Nc6 9. Bd5 e6 10. Nb5 Bf8 11. Bxc6 dxc6 12. Nc3 e5 13. Be3 Ba6 14. Qxd8+ Rxd8
15. Rd1 Nh6 16. Rxd8+ Kxd8 17. h3 Nf7 18. Nd2 Kc7 19. f3 f5 20. Kd1 f4 21. Bf2
Be7 22. Kc1 Nd6 23. g4 h5 24. h4 Nc4 25. Ncb1 Ne3 26. Nc3 hxg4 27. fxg4 Nxg4
28. Be1 Bc5 29. Nf3 Kd6 30. Ng5 Ke7 31. b4 Be3+ 32. Bd2 Bc4 33. Nf3 Bf2 34. Be1
Be3+ 35. Bd2 b5 36. Bxe3 fxe3 37. Rg1 Rf8 38. Ne1 Be6 39. Ne2 Rf2 40. Ng3 Nf6
41. Nd3 Rh2 42. Nxe5 Bg4 43. Nxg6+ Kd8 44. Ne5 Rxh4 45. Nxc6+ Kc7 46. Nd4 Bd7
47. Re1 Nxe4 48. Rxe3 Nxg3 49. Rxg3 Rxd4 50. Kb2 Be6 51. Rc3+ Bc4 52. Rg3 Re4
53. Rg7+ Kb6 54. Rg6+ Be6 55. Rg2 a6 56. Rd2 Kc6 57. Rd8 Re2 58. Ra8 Kb7 59.
Re8 Kc6 60. Ra8 Bf5 61. Rxa6+ Kd5 62. Ra8 Bxc2 63. Kc3 Ba4 64. Rd8+ Kc6 65. Rd3
Rc2+ 66. Kd4 Rc4+ 67. Ke5 Rc1 68. Rd6+ Kc7 69. Rd3 Re1+ 70. Kf4 Kc6 71. Kf3 Re5
72. Kf4 Rd5 73. Rc3+ Kd6 74. Ke4 Rd1 75. Ke3 Ke5 76. Rc5+ Rd5 77. Rc3 Bd1 78.
Rc1 Bb3 79. Rc3 Bc4 80. a4 1/2-1/2

[Event "Køge Bugt Forår 2010"]
[Site "Solrød Skakklub"]
[Date "2010.04.21"]
[Round "3.7"]
[White "Krag-Jacobsen, Alan"]
[Black "Sørensen, Aron Frank"]
[Result "0-1"]
[WhiteElo "1421"]
[BlackElo "1629"]
[PlyCount "102"]
[EventDate "2010.??.??"]
[WhiteTeam "Solrød Skakklub"]
[BlackTeam "Solrød Skakklub"]

1. e4 Nf6 2. e5 Nd5 3. d4 d6 4. f4 dxe5 5. fxe5 e6 6. Nf3 Nc6 7. a3 Be7 8. c4
Nb6 9. Nc3 g5 10. h3 h5 11. Be3 f5 12. exf6 Bxf6 13. Qd2 g4 14. hxg4 hxg4 15.
Rxh8+ Bxh8 16. Ng5 Nxd4 17. Bxd4 Bxd4 18. O-O-O e5 19. Nce4 Bd7 20. b3 Qe7 21.
Qa5 Be3+ 22. Kb2 Bxg5 23. c5 Be3 24. cxb6 Bxb6 25. Qd5 O-O-O 26. Nc3 Bc6 27.
Qc4 Rd4 28. Qg8+ Qe8 29. Qg5 Rxd1 30. Nxd1 Bd4+ 31. Ka2 Qd8 32. Qxg4+ Kb8 33.
Be2 a6 34. Qg3 Qe7 35. Qg8+ Ka7 36. g4 Qc5 37. Qc4 Qf8 38. Qc2 Qf4 39. a4 Be4
40. Bd3 Bxd3 41. Qxd3 Qc1 42. Qb1 Qd2+ 43. Nb2 a5 44. Ka3 e4 45. g5 e3 46. Nd3
e2 47. g6 e1=Q 48. Nxe1 Bc5+ 49. b4 Bxb4+ 50. Kb3 Qc3+ 51. Ka2 Qa3# 0-1

[Event "Køge Bugt Forår 2010"]
[Site "Solrød Skakklub"]
[Date "2010.04.21"]
[Round "3.8"]
[White "Jørgensen, Leif"]
[Black "Wieland, Carsten"]
[Result "1/2-1/2"]
[WhiteElo "1454"]
[BlackElo "1194"]
[PlyCount "125"]
[EventDate "2010.??.??"]
[WhiteTeam "Solrød Skakklub"]
[BlackTeam "Solrød Skakklub"]

1. e4 e6 2. d4 d5 3. e5 c5 4. c3 cxd4 5. cxd4 Bb4+ 6. Bd2 Qb6 7. Nf3 Nc6 8. a3
Bxd2+ 9. Qxd2 Nge7 10. Nc3 O-O 11. Bb5 Na5 12. Qc2 h6 13. g4 a6 14. Bf1 Bd7 15.
h4 Rac8 16. Qe2 Nc4 17. g5 h5 18. Qc2 g6 19. Bd3 Nxb2 20. O-O Nxd3 21. Qxd3 Nf5
22. Rfb1 Qa7 23. Rb3 Rc4 24. Rab1 Rb8 25. Rb4 Rxb4 26. Rxb4 a5 27. Rb2 b5 28.
Ne2 b4 29. axb4 Bb5 30. Qa3 Bxe2 31. Rxe2 Rxb4 32. Rc2 Kg7 33. Rc8 Nxd4 34. Kg2
Nxf3 35. Qxf3 Rg4+ 36. Kh2 Rxh4+ 37. Kg3 Rg4+ 38. Kh3 Qe7 39. Qf6+ Qxf6 40.
gxf6+ Kh6 41. Rc7 Rf4 42. Rxf7 Rxf2 43. Re7 Rf5 44. Rxe6 d4 45. Re7 d3 46. f7
d2 47. Rd7 d1=Q 48. Rxd1 Rxf7 49. Rd5 a4 50. Kg3 Re7 51. Kf4 g5+ 52. Ke4 h4 53.
Rd6+ Kh5 54. Ra6 g4 55. Rxa4 h3 56. Kf4 Kh4 57. Kf5 h2 58. Rxg4+ Kh3 59. Rg6
h1=Q 60. Rh6+ Kg2 61. Rxh1 Kxh1 62. Kf6 Rxe5 63. Kxe5 1/2-1/2